000 00338nam a22001457a 4500
008 210514b ||||| |||| 00| 0 eng d
020 _a9780538636650
041 _aeng
080 _27th
_a159.9
082 _a159.9
100 _a48
101 _aPSI
245 _aPersonality Development for Work
_cHarold R. Wallace
942 _2udc
_cBK
999 _c57350
_d57350